00630nam a2200205 a 450000100040000000500170000400800410002102000320006203500080009408200190010210000200012124500810014126000380022230000300026050400410029065100240033165100200035565100360037599900130041177520221127090023.0050920s lxxub | 00100 eng d a0060826584(hpb) :cSR111.00 a78804a951bH468 20061 aHessler, Peter.10aOracle bones :ba journey between China's past and present /cPeter Hessler. aNew York :bHarperCollins,c2006. axi, 491 :bmaps ;c23 cm. aIncludes bibl. references and index. 4aChinaxCivilzation. 4aChinaxHistory. 4aChinaxDescription and travels. c775d775